01258nam a2200325Ia 4500001001200000003000800012006001900020007001500039008004100054010001700095020001500112020001800127040002100145035002100166050002400187082001600211100002800227245011300255260005100368300003500419504006400454533015200518650002600670650002200696650002300718655002900741710001700770856012600787999001900913ebr10433761CaPaEBRm u cr cn|||||||||030904s2004 ilua sb s001 0 eng d z 2003019600 z0226577120 z9780226577128 aCaPaEBRcCaPaEBR a(OCoLC)69220449514aQ125.2b.N49 2004eb04a509.0242221 aNewman, William Royall.10aPromethean ambitionsh[electronic resource] :balchemy and the quest to perfect nature /cWilliam R. Newman. aChicago :bUniversity of Chicago Press,c2004. axv, 333 p. :bill. (some col.) aIncludes bibliographical references (p. 305-322) and index. aElectronic reproduction.bPalo Alto, Calif. :cebrary,d2011.nAvailable via World Wide Web.nAccess may be limited to ebrary affiliated libraries. 0aScience, Renaissance. 0aAlchemyxHistory. 0aArts, Renaissance. 7aElectronic books.2local2 aebrary, Inc.40uhttp://site.ebrary.com/lib/rucke/Doc?id=10433761zAn electronic book accessible through the World Wide Web; click to view c146755d146755